[Event "30th WCh U20 Girls"]
[Site "Athens GRE"]
[Date "2012.08.02"]
[Round "1"]
[White "De Seroux, Camille"]
[Black "Owens, Megan"]
[Result "1-0"]
[WhiteElo "2101"]
[BlackElo "1816"]
[EventDate "2012.08.02"]
[PlyCount "65"]

1.e4 c5 2.Nf3 g6 3.c4 Nc6 4.d4 cxd4 5.Nxd4 Bg7 6.Be3 Nf6 7.Nc3 Ng4 8.Qxg4 
Nxd4 9.Qd1 Ne6 10.Rc1 Qa5 11.a3 b6 12.Be2 Bb7 13.f3 Qe5 14.O-O g5 15.Qd2 
h6 16.Rfd1 Rd8 17.Bf1 O-O 18.b4 Qb8 19.Ne2 Be5 20.g3 Bg7 21.Bh3 Bc6 22.Nc3
Rfe8 23.Bg4 Nf8 24.Bd4 Ng6 25.Bxg7 Kxg7 26.Qb2 Ne5 27.Ne2 Kg8 28.Bh5 b5 
29.cxb5 Bxb5 30.Nd4 e6 31.Nxb5 Qxb5 32.Rc5 Nd3 33.Qf6 1-0

[Event "30th WCh U20 Girls"]
[Site "Athens GRE"]
[Date "2012.08.02"]
[Round "1"]
[White "Imeeva, Aisa"]
[Black "Psofimi, Milia"]
[Result "1-0"]
[WhiteElo "2095"]
[BlackElo "1437"]
[EventDate "2012.08.02"]
[PlyCount "47"]

1.e4 e5 2.Nf3 Nf6 3.Nc3 d6 4.d4 Bg4 5.Be3 Nbd7 6.Bc4 Be7 7.h3 Bh5 8.g4 Bg6
9.Nd2 h6 10.Bb3 c6 11.Qf3 exd4 12.Bxd4 Qc7 13.Qg3 Rc8 14.f4 Bh7 15.O-O-O 
b5 16.g5 hxg5 17.Qxg5 Bg6 18.Qg2 Rh7 19.Rhe1 a6 20.e5 Ng8 21.e6 Ndf6 22.f5
Bh5 23.exf7+ Bxf7 24.Bxf7+ 1-0

[Event "30th WCh U20 Girls"]
[Site "Athens GRE"]
[Date "2012.08.03"]
[Round "2"]
[White "Varga, Klara"]
[Black "Bodnaruk, Anastasia"]
[Result "0-1"]
[WhiteElo "2181"]
[BlackElo "2414"]
[EventDate "2012.08.02"]
[PlyCount "58"]

1.e4 c5 2.Nf3 d6 3.d4 cxd4 4.Nxd4 Nf6 5.Nc3 a6 6.Bc4 e6 7.Bb3 b5 8.Qf3 Qb6
9.Be3 Qb7 10.O-O-O Be7 11.g4 b4 12.Na4 Nbd7 13.g5 Nxe4 14.Bxe6 Ne5 15.Bxc8
Rxc8 16.Qg2 d5 17.f3 Nd6 18.Rhe1 O-O 19.f4 Nec4 20.f5 Rfe8 21.f6 Bf8 22.
Bf4 Ne4 23.Nf5 g6 24.Ng3 Qc6 25.b3 Na3 26.c4 Nxc4 27.bxc4 Qxa4 28.Nxe4 
Rxc4+ 29.Kb1 Rcxe4 0-1

[Event "30th WCh U20 Girls"]
[Site "Athens GRE"]
[Date "2012.08.03"]
[Round "2"]
[White "Cori Tello, Deysi"]
[Black "Osmak, Yulia"]
[Result "1-0"]
[WhiteElo "2413"]
[BlackElo "2171"]
[EventDate "2012.08.02"]
[PlyCount "149"]

1.d4 d5 2.Nf3 Nf6 3.c4 c6 4.e3 a6 5.a4 Bf5 6.Nc3 e6 7.Bd3 Bxd3 8.Qxd3 dxc4
9.Qxc4 b5 10.Qe2 Nbd7 11.O-O Be7 12.e4 b4 13.Nb1 O-O 14.Rd1 h6 15.Nbd2 c5 
16.Nc4 cxd4 17.Nxd4 Qc7 18.b3 Nc5 19.e5 Nd5 20.Bb2 Rac8 21.Rac1 Rfd8 22.g3
Nb6 23.Ne3 Qb7 24.a5 Nbd7 25.Nc4 Qe4 26.Qxe4 Nxe4 27.Nd6 Rxc1 28.Rxc1 Nxd6
29.exd6 Bf6 30.Rc6 Nb8 31.Rb6 Be5 32.Rxb4 Bxd6 33.Rc4 Be7 34.Nc2 Nd7 35.
Bd4 e5 36.Ba7 Nf6 37.Ne3 Nd5 38.Rc6 Nb4 39.Rc7 Bf8 40.Bb6 Re8 41.Kg2 h5 
42.Nc2 Nd3 43.Ne3 Nb4 44.h4 g6 45.Nc4 Nd5 46.Rd7 Nb4 47.Bc7 e4 48.Bd6 Nc6 
49.Bxf8 Kxf8 50.Rb7 Re6 51.b4 Nd4 52.Rb8+ Ke7 53.Nb6 Rc6 54.Rb7+ Ke6 55.
Nd7 f5 56.Nc5+ Kd5 57.Ra7 Nc2 58.Nxa6 Ne1+ 59.Kf1 Rc1 60.Rc7 Nc2+ 61.Kg2 
Ne1+ 62.Kf1 Nc2+ 63.Ke2 Nd4+ 64.Kd2 Rf1 65.Rc5+ Kd6 66.Ke3 Rd1 67.Nc7 Ke7 
68.a6 g5 69.hxg5 Rd3+ 70.Kf4 Kd6 71.g6 Rf3+ 72.Kg5 e3 73.a7 exf2 74.a8=Q 
Rxg3+ 75.Kf6 1-0

[Event "30th WCh U20 Girls"]
[Site "Athens GRE"]
[Date "2012.08.03"]
[Round "2"]
[White "Sihite, Chelsie Monica"]
[Black "Kashlinskaya, Alina"]
[Result "0-1"]
[WhiteElo "2162"]
[BlackElo "2391"]
[EventDate "2012.08.02"]
[PlyCount "58"]

1.e4 e5 2.Nf3 Nc6 3.Nc3 Nf6 4.d4 exd4 5.Nxd4 Bb4 6.Nxc6 bxc6 7.Bd3 d5 8.
exd5 cxd5 9.O-O O-O 10.h3 c6 11.Qf3 Bd6 12.Bf4 Rb8 13.b3 c5 14.Nb5 Bxf4 
15.Qxf4 Rb6 16.c4 Bb7 17.Rad1 d4 18.b4 Nh5 19.Qe5 Qh4 20.bxc5 Re6 21.Qxd4 
Nf4 22.Nd6 Bxg2 23.Qxg7+ Kxg7 24.Nf5+ Kh8 25.Nxh4 Rh6 26.Nxg2 Nxh3+ 27.Kh2
Rg8 28.Be4 Nf4+ 29.Kg1 Ne2# 0-1

[Event "30th WCh U20 Girls"]
[Site "Athens GRE"]
[Date "2012.08.03"]
[Round "2"]
[White "Kulkarni, Bhakti Pradip"]
[Black "Arabidze, Meri"]
[Result "0-1"]
[WhiteElo "2159"]
[BlackElo "2379"]
[EventDate "2012.08.02"]
[PlyCount "112"]

1.d4 Nf6 2.c4 e6 3.Nc3 Bb4 4.e3 c5 5.Bd3 Nc6 6.Ne2 cxd4 7.exd4 d5 8.O-O 
O-O 9.cxd5 Nxd5 10.Bc2 Re8 11.Qd3 g6 12.Rd1 Bf8 13.a3 Bg7 14.Bb3 Nce7 15.
Bg5 h6 16.Bh4 Qa5 17.f3 Bd7 18.Rac1 Bc6 19.Be1 Qb6 20.Na4 Bxa4 21.Bxa4 
Rec8 22.b4 Rxc1 23.Rxc1 Nf5 24.Bf2 h5 25.g4 hxg4 26.fxg4 Nfe7 27.Rc5 a6 
28.Bg3 Rd8 29.h3 Qa7 30.Kh2 b6 31.Rc1 Bh6 32.Rf1 b5 33.Bb3 Nc6 34.Qe4 a5 
35.bxa5 Nxa5 36.Ba2 Nc4 37.Bxc4 bxc4 38.Qf3 Bd2 39.Be5 c3 40.Qg3 Qa6 41.
Qf3 Rf8 42.h4 Qa8 43.Rg1 Be3 44.Rf1 Bd2 45.Rg1 f6 46.Bd6 Rd8 47.Bg3 Ne3 
48.Qf4 Qa6 49.Qf3 Qd3 50.Bf2 f5 51.gxf5 Qxf5 52.Qg3 Nd5 53.Be1 Be3 54.Rh1 
c2 55.Ba5 Rf8 56.Nc1 Bf4 0-1

[Event "30th WCh U20 Girls"]
[Site "Athens GRE"]
[Date "2012.08.03"]
[Round "2"]
[White "Bulmaga, Irina"]
[Black "Orozco Lopez, Lina Yomayra"]
[Result "1-0"]
[WhiteElo "2380"]
[BlackElo "2150"]
[EventDate "2012.08.02"]
[PlyCount "53"]

1.e4 c5 2.Nf3 d6 3.d4 cxd4 4.Nxd4 Nf6 5.Nc3 a6 6.Be3 e5 7.Nb3 Be6 8.f3 h5 
9.Qd2 Nbd7 10.O-O-O Qc7 11.Kb1 Be7 12.Nd5 Bxd5 13.exd5 b5 14.Na5 Rc8 15.c4
Nb6 16.Rc1 Nfd7 17.Bd3 Nxc4 18.Bxc4 bxc4 19.Rxc4 Qb8 20.Rxc8+ Qxc8 21.Rc1 
Qa8 22.Nc6 f6 23.f4 e4 24.Qd4 Nc5 25.Rxc5 dxc5 26.Qxe4 Qb7 27.Bxc5 1-0

[Event "30th WCh U20 Girls"]
[Site "Athens GRE"]
[Date "2012.08.03"]
[Round "2"]
[White "Semenova, Elena"]
[Black "Guo Qi"]
[Result "0-1"]
[WhiteElo "2134"]
[BlackElo "2358"]
[EventDate "2012.08.02"]
[PlyCount "120"]

1.e4 e6 2.d4 d5 3.Nd2 Be7 4.Ngf3 Nf6 5.Bd3 c5 6.exd5 Nxd5 7.Ne4 Nd7 8.O-O 
O-O 9.dxc5 Qc7 10.Qe2 Nxc5 11.Nxc5 Qxc5 12.c4 Nf6 13.Be3 Qh5 14.Nd4 Qxe2 
15.Bxe2 e5 16.Nb5 b6 17.Rfd1 Bg4 18.f3 Bd7 19.Nc7 Rac8 20.Nd5 Nxd5 21.cxd5
Bd6 22.Rac1 Rxc1 23.Rxc1 Rc8 24.Rxc8+ Bxc8 25.Bc4 f5 26.Kf2 Kf7 27.Ke2 Ke7
28.Bg5+ Kd7 29.g4 fxg4 30.fxg4 Bc5 31.Kf3 Kd6 32.Bd2 Bd7 33.a3 Be8 34.h4 
Bf7 35.Ke4 Bg6+ 36.Kf3 Bc2 37.Bc3 a5 38.b4 Bd4 39.Bxd4 exd4 40.Kf4 a4 41.
g5 g6 42.Ba2 b5 43.Kf3 Bb3 44.Bb1 Kxd5 45.h5 Kc4 46.Bxg6 Kc3 47.Bxh7 Bd1+ 
48.Kf4 Bxh5 49.g6 d3 50.g7 Bf7 51.Bg6 Bc4 52.Ke5 d2 53.Bh5 Kc2 54.Kd4 
d1=Q+ 55.Bxd1+ Kxd1 56.Kc5 Kc2 57.g8=Q Bxg8 58.Kxb5 Kb3 59.Kc6 Kxa3 60.b5 
Bc4 0-1

[Event "30th WCh U20 Girls"]
[Site "Athens GRE"]
[Date "2012.08.03"]
[Round "2"]
[White "Wang Jue"]
[Black "Pon Krithikha, Namasivayam"]
[Result "1-0"]
[WhiteElo "2355"]
[BlackElo "2119"]
[EventDate "2012.08.02"]
[PlyCount "55"]

1.e4 e5 2.Nf3 Nc6 3.Bb5 f5 4.d3 fxe4 5.dxe4 Nf6 6.Be3 d6 7.a3 Be6 8.Ng5 
Bg8 9.Nc3 h6 10.Nf3 Bf7 11.Qe2 Be7 12.h3 O-O 13.O-O-O Qc8 14.g4 Nh7 15.Nd5
Bd8 16.g5 hxg5 17.h4 Bh5 18.Bc4 Kh8 19.hxg5 Qg4 20.Rdg1 Qxf3 21.Rxh5 g6 
22.Qxf3 Rxf3 23.Rh4 Kg7 24.Kd1 Be7 25.Nxc7 Rc8 26.Ne6+ Kh8 27.Rgh1 Rf7 28.
Nf4 1-0

[Event "30th WCh U20 Girls"]
[Site "Athens GRE"]
[Date "2012.08.03"]
[Round "2"]
[White "Khaled, Mouna"]
[Black "Ziaziulkina, Nastassia"]
[Result "0-1"]
[WhiteElo "2121"]
[BlackElo "2342"]
[EventDate "2012.08.02"]
[PlyCount "60"]

1.d4 d5 2.Nf3 Nf6 3.c4 c6 4.Qc2 e6 5.g3 dxc4 6.Qxc4 b5 7.Qc2 Bb7 8.Bg2 
Nbd7 9.Nfd2 Qb6 10.Nb3 c5 11.dxc5 Nxc5 12.Bxb7 Qxb7 13.O-O Rc8 14.Rd1 h5 
15.Be3 Na4 16.Na5 Qa6 17.Qd2 Nxb2 18.Qxb2 Qxa5 19.a4 b4 20.Nd2 Be7 21.Nb3 
Qa6 22.Nd4 Nd5 23.Nb5 Nc3 24.Rd2 O-O 25.Rd7 Bf6 26.Rxa7 Qc6 27.Nd4 Qc4 28.
Rd7 Rfd8 29.Rxd8+ Rxd8 30.Qb3 Rxd4 0-1

[Event "30th WCh U20 Girls"]
[Site "Athens GRE"]
[Date "2012.08.03"]
[Round "2"]
[White "Vojinovic, Jovana"]
[Black "De Seroux, Camille"]
[Result "1-0"]
[WhiteElo "2337"]
[BlackElo "2101"]
[EventDate "2012.08.02"]
[PlyCount "81"]

1.Nf3 Nf6 2.c4 g6 3.Nc3 Bg7 4.e4 d6 5.d4 O-O 6.Be2 e5 7.O-O Nc6 8.d5 Ne7 
9.Ne1 Nd7 10.Nd3 f5 11.exf5 gxf5 12.f4 e4 13.Nf2 Kh8 14.Be3 Ng6 15.Qd2 Rg8
16.Kh1 Nf6 17.b4 Nh4 18.Rac1 Qe8 19.Nb5 Qf7 20.Rg1 h5 21.Qe1 Ng6 22.Nh3 
Qe7 23.Ng5 Bh6 24.h4 a6 25.Nd4 Bd7 26.g3 Rg7 27.Qc3 Kg8 28.Qb3 Ng4 29.Bxg4
hxg4 30.Kg2 Kh8 31.c5 a5 32.cxd6 Qxd6 33.b5 Ne7 34.Nde6 Nxd5 35.Nxg7 Nxe3+
36.Qxe3 Kxg7 37.Rgd1 Qe7 38.Qd4+ Kg8 39.Qxd7 Bxg5 40.hxg5 Qa3 41.Qe6+ 1-0

[Event "30th WCh U20 Girls"]
[Site "Athens GRE"]
[Date "2012.08.03"]
[Round "2"]
[White "Furtado, Ivana Maria"]
[Black "Schut, Lisa"]
[Result "0-1"]
[WhiteElo "2102"]
[BlackElo "2305"]
[EventDate "2012.08.02"]
[PlyCount "126"]

1.d4 Nf6 2.c4 g6 3.Nc3 d5 4.Nf3 Bg7 5.Bf4 O-O 6.e3 c5 7.dxc5 Ne4 8.Rc1 Nd7
9.Qxd5 Nxc3 10.bxc3 Qa5 11.Qd2 Nxc5 12.Be5 Bxe5 13.Nxe5 Ne4 14.Qd4 Bf5 15.
Ng4 Bxg4 16.Qxe4 Qa3 17.Qb1 Bf5 18.Qa1 Rfd8 19.Be2 Rac8 20.Rd1 Rxd1+ 21.
Bxd1 Rxc4 22.Bb3 Rc8 23.O-O a5 24.Rc1 b5 25.Bd5 a4 26.Bb7 Rc7 27.Bf3 b4 
28.c4 b3 29.axb3 Qxa1 30.Rxa1 axb3 31.Ra8+ Kg7 32.Rb8 Rxc4 33.g4 Be6 34.
Kg2 Rc2 35.Bd1 Rd2 36.Bxb3 Rb2 37.Bxe6 Rxb8 38.Bd5 g5 39.h3 h6 40.Kg3 Kf6 
41.Be4 Rb3 42.Bd5 Rc3 43.h4 e6 44.hxg5+ hxg5 45.Bf3 Ke5 46.Kg2 Ra3 47.Kg3 
Kd6 48.Be4 Kc5 49.Bh7 Ra8 50.Be4 Rb8 51.Bc2 Kc4 52.Be4 Kc3 53.Bh7 Kd2 54.
Be4 Ke2 55.Bf3+ Ke1 56.Be4 f6 57.Bg2 Rb2 58.f3 Ke2 59.e4 e5 60.Bh3 Rb1 61.
Bg2 Rg1 62.Kh2 Kf2 63.Bh1 Rxh1+ 0-1

[Event "30th WCh U20 Girls"]
[Site "Athens GRE"]
[Date "2012.08.03"]
[Round "2"]
[White "Kulon, Klaudia"]
[Black "Imeeva, Aisa"]
[Result "1-0"]
[WhiteElo "2259"]
[BlackElo "2095"]
[EventDate "2012.08.02"]
[PlyCount "93"]

1.e4 e5 2.Nf3 Nc6 3.Bc4 Bc5 4.c3 Nf6 5.d4 exd4 6.e5 d5 7.Bb5 Ne4 8.cxd4 
Bb6 9.Nc3 O-O 10.Be3 Bf5 11.Qb3 Ne7 12.O-O h6 13.Nh4 Bh7 14.Bd3 c6 15.f3 
Ng5 16.Qc2 Bxd3 17.Qxd3 Ne6 18.f4 c5 19.dxc5 Nxc5 20.Bxc5 Bxc5+ 21.Kh1 b6 
22.a3 a5 23.Rad1 d4 24.Ne4 Kh8 25.f5 f6 26.exf6 gxf6 27.Qg3 Ra7 28.Rf4 Qd5
29.Rg4 Qe5 30.Qxe5 fxe5 31.f6 Nd5 32.Ng6+ Kh7 33.Nxf8+ Bxf8 34.Rc1 h5 35.
Rg3 Bh6 36.Rc8 Rf7 37.Rc6 Rd7 38.Rd3 Be3 39.Rd1 Kg6 40.Rf1 Rf7 41.g3 h4 
42.Rd6 Nc7 43.Kg2 hxg3 44.hxg3 Ne8 45.Rxb6 d3 46.Re6 Nc7 47.Rxe5 1-0

[Event "30th WCh U20 Girls"]
[Site "Athens GRE"]
[Date "2012.08.03"]
[Round "2"]
[White "Batkovskyte, Dominyka"]
[Black "Klek, Hanna-Marie"]
[Result "1/2-1/2"]
[WhiteElo "2096"]
[BlackElo "2248"]
[EventDate "2012.08.02"]
[PlyCount "87"]

1.d4 Nf6 2.c4 g6 3.Nc3 Bg7 4.e4 d6 5.Nf3 O-O 6.Be2 c5 7.d5 e6 8.O-O Re8 9.
h3 exd5 10.exd5 a6 11.a4 b6 12.Bf4 Ne4 13.Nxe4 Rxe4 14.Bg5 Qc7 15.Bd3 Re8 
16.Qd2 Nd7 17.Rfe1 Bb7 18.Bf1 Ne5 19.Nxe5 Rxe5 20.Bf4 Rxe1 21.Rxe1 Bf6 22.
b3 Rd8 23.Bg5 Bxg5 24.Qxg5 Kg7 25.Re7 Rd7 26.Re8 Bc8 27.h4 f6 28.Qe3 Rf7 
29.h5 g5 30.Bd3 Bd7 31.Re7 Qd8 32.Rxf7+ Kxf7 33.Bxh7 f5 34.Qc3 Qf6 35.Bg8+
Ke7 36.Qe3+ Kf8 37.Be6 Be8 38.h6 Bg6 39.Bd7 Qe7 40.Be6 Qf6 41.Qh3 Bh7 42.
Qh5 Bg6 43.Qh3 Bh7 44.Qh5 1/2-1/2

[Event "30th WCh U20 Girls"]
[Site "Athens GRE"]
[Date "2012.08.03"]
[Round "2"]
[White "Goryachkina, Aleksandra"]
[Black "Serefidou, Despina"]
[Result "1-0"]
[WhiteElo "2361"]
[BlackElo "1865"]
[EventDate "2012.08.02"]
[PlyCount "151"]

1.d4 d5 2.c4 e6 3.Nf3 Nf6 4.g3 dxc4 5.Qa4+ Nc6 6.Bg2 Bb4+ 7.Bd2 Nd5 8.Bxb4
Nxb4 9.O-O Rb8 10.Nc3 a6 11.Ne5 O-O 12.Nxc6 Nxc6 13.Bxc6 bxc6 14.Qxc4 Qd6 
15.Rfd1 Rb4 16.Qd3 Rd8 17.Qc2 Rxd4 18.Rxd4 Qxd4 19.Rd1 Qf6 20.Ne4 Rxd1+ 
21.Qxd1 Qe7 22.Qc2 Qd7 23.Ng5 h6 24.Qh7+ Kf8 25.Qh8+ Ke7 26.Nh7 Qd1+ 27.
Kg2 Qxe2 28.Qxc8 Qe4+ 29.Kg1 Qe1+ 30.Kg2 Qe4+ 31.f3 Qxh7 32.Qxc7+ Kf6 33.
Qxc6 Qd3 34.Qc5 Qe2+ 35.Qf2 Qc4 36.b3 Qd3 37.Qb2+ Kg6 38.b4 e5 39.a4 e4 
40.fxe4 Qxe4+ 41.Kf2 Qf5+ 42.Ke1 Qe4+ 43.Kd2 Qg2+ 44.Kc3 Qf3+ 45.Kc4 Qc6+ 
46.Kb3 Qf3+ 47.Qc3 Qd5+ 48.Qc4 Qf3+ 49.Kb2 Qf6+ 50.Kb1 Qb6 51.b5 axb5 52.
axb5 Kf6 53.Kb2 Ke7 54.Kb3 f5 55.Kb4 Kd6 56.Qd3+ Ke5 57.Qc3+ Kd6 58.Qxg7 
Qc5+ 59.Ka5 Qa3+ 60.Kb6 Qc5+ 61.Ka6 Qa3+ 62.Kb7 Qf3+ 63.Kb8 Qh5 64.Qf8+ 
Kd7 65.b6 Qg6 66.Qc8+ Ke7 67.b7 Qf6 68.Qc7+ Ke8 69.Ka7 Qd4+ 70.Ka6 Qa4+ 
71.Kb6 Qd4+ 72.Kc6 Qe4+ 73.Kd6 Qd4+ 74.Ke6 Qe3+ 75.Qe5 Qb3+ 76.Kf6+ 1-0

[Event "30th WCh U20 Girls"]
[Site "Athens GRE"]
[Date "2012.08.03"]
[Round "2"]
[White "Iordanidou, Zoi"]
[Black "Nevioselaya, Maria"]
[Result "1-0"]
[WhiteElo "2166"]
[BlackElo "2057"]
[EventDate "2012.08.02"]
[PlyCount "61"]

1.e4 e5 2.Nf3 Nc6 3.Bc4 Bc5 4.c3 Nf6 5.d3 a6 6.Bb3 Ba7 7.O-O O-O 8.Bg5 h6 
9.Bh4 d6 10.h3 Qe7 11.Nbd2 g5 12.Nxg5 hxg5 13.Bxg5 Kg7 14.Nf3 Rg8 15.Nh2 
Kf8 16.h4 Rg6 17.Kh1 Be6 18.Qe2 Bxb3 19.axb3 Qe6 20.f4 exf4 21.Rxf4 Nh7 
22.Raf1 Nxg5 23.hxg5 Nd8 24.Qh5 Ke7 25.Ng4 Bb6 26.Nf6 c6 27.Qh8 d5 28.e5 
Rxf6 29.Rxf6 Qg4 30.g6 Qg5 31.d4 1-0

[Event "30th WCh U20 Girls"]
[Site "Athens GRE"]
[Date "2012.08.03"]
[Round "2"]
[White "Pavlidou, Ekaterini"]
[Black "Ivekovic, Ana"]
[Result "0-1"]
[WhiteElo "2237"]
[BlackElo "1959"]
[EventDate "2012.08.02"]
[PlyCount "68"]

1.d4 Nf6 2.c4 e6 3.Nc3 Bb4 4.e3 O-O 5.Ne2 d5 6.a3 Be7 7.cxd5 exd5 8.b4 b6 
9.Ng3 c5 10.bxc5 bxc5 11.dxc5 Bxc5 12.Be2 Be6 13.O-O Nbd7 14.Na4 Bd6 15.
Bb2 Be5 16.Bd4 Qa5 17.f4 Bxd4 18.exd4 Nb6 19.Nxb6 axb6 20.Rb1 Qxa3 21.f5 
Bd7 22.Rxb6 Qe3+ 23.Kh1 Ra4 24.Rxf6 gxf6 25.Nh5 Rfa8 26.Nxf6+ Kh8 27.Bd3 
Qxd4 28.Nxh7 Qh4 29.f6 Qh6 30.g3 Bg4 31.Qe1 Ra1 32.Qf2 Rxf1+ 33.Qxf1 Qe3 
34.Ng5 Qxg5 0-1

[Event "30th WCh U20 Girls"]
[Site "Athens GRE"]
[Date "2012.08.03"]
[Round "2"]
[White "Abdumalik, Zhansaya"]
[Black "Chiarion, Elisa"]
[Result "1-0"]
[WhiteElo "2193"]
[BlackElo "1978"]
[EventDate "2012.08.02"]
[PlyCount "51"]

1.e4 c5 2.Nf3 d6 3.d4 cxd4 4.Nxd4 Nf6 5.Nc3 g6 6.Be3 Bg7 7.f3 Nc6 8.Qd2 
O-O 9.g4 Ne5 10.O-O-O Be6 11.Nxe6 fxe6 12.Be2 Rc8 13.Nb5 Nc4 14.Bxc4 Rxc4 
15.Nd4 Qc8 16.Kb1 d5 17.e5 Ne8 18.f4 Qd7 19.h4 Nc7 20.h5 g5 21.h6 Bh8 22.
Rh5 gxf4 23.Rf1 Kf7 24.Rxf4+ Ke8 25.Rxf8+ Kxf8 26.Qf2+ 1-0

[Event "30th WCh U20 Girls"]
[Site "Athens GRE"]
[Date "2012.08.03"]
[Round "2"]
[White "Nonkovic, Bogdana"]
[Black "Aulia, Medina Warda"]
[Result "0-1"]
[WhiteElo "1950"]
[BlackElo "2218"]
[EventDate "2012.08.02"]
[PlyCount "36"]

1.c4 e6 2.Nf3 Nf6 3.g3 Be7 4.Bg2 O-O 5.O-O d5 6.d4 dxc4 7.Ne5 c5 8.dxc5 
Qc7 9.Nxc4 Qxc5 10.Nba3 Rd8 11.Qb3 Nc6 12.Be3 Qh5 13.Qb5 e5 14.Bxc6 Ng4 
15.h4 bxc6 16.Qxc6 Be6 17.Rfd1 Bxa3 18.bxa3 Rdc8 0-1

[Event "30th WCh U20 Girls"]
[Site "Athens GRE"]
[Date "2012.08.03"]
[Round "2"]
[White "Abdulla, Khayala"]
[Black "Liao, Simone"]
[Result "1/2-1/2"]
[WhiteElo "2217"]
[BlackElo "1933"]
[EventDate "2012.08.02"]
[PlyCount "78"]

1.e4 e6 2.d4 d5 3.Nc3 Bb4 4.Ne2 dxe4 5.a3 Bxc3+ 6.Nxc3 Nc6 7.d5 exd5 8.
Qxd5 Nf6 9.Qxd8+ Nxd8 10.Bg5 Bf5 11.O-O-O Ng4 12.Bh4 O-O 13.h3 Ne5 14.Re1 
Ndc6 15.Nxe4 Rfe8 16.Ng3 Be6 17.Bb5 a6 18.Bxc6 Nxc6 19.Bg5 h6 20.Bf4 Bd5 
21.f3 Nd4 22.Rd1 Ne6 23.Bxh6 Bxf3 24.gxf3 gxh6 25.Nf5 Kh7 26.Rhg1 Rad8 27.
Rde1 Rg8 28.Rg4 Rg5 29.Ne3 Rd4 30.Rd1 Rxd1+ 31.Kxd1 h5 32.Rh4 Kg6 33.Ke2 
f5 34.Rb4 f4 35.Nd1 b6 36.Nf2 Rd5 37.c3 Kf5 38.Nd3 a5 39.Rc4 Kg5 1/2-1/2

[Event "30th WCh U20 Girls"]
[Site "Athens GRE"]
[Date "2012.08.03"]
[Round "2"]
[White "Petrova, Irina"]
[Black "Lolici, Iselin-Amanda"]
[Result "1-0"]
[WhiteElo "2173"]
[BlackElo "1967"]
[EventDate "2012.08.02"]
[PlyCount "97"]

1.d4 Nf6 2.c4 g6 3.Nc3 Bg7 4.e4 d6 5.Nf3 O-O 6.Be2 Nbd7 7.O-O e5 8.d5 Nc5 
9.Qc2 a5 10.Bg5 h6 11.Be3 b6 12.h3 Ne8 13.a3 f5 14.b4 Nb7 15.Rab1 f4 16.
Bd2 g5 17.Ne1 Nf6 18.Nd3 g4 19.hxg4 Bxg4 20.f3 Bc8 21.c5 axb4 22.axb4 Qe8 
23.c6 Nd8 24.Nb5 Qg6 25.Nxc7 Bh3 26.Rf2 Rc8 27.Nb5 Nh5 28.Nxd6 Ng3 29.Nxc8
Bxc8 30.Bc3 Qh5 31.Rff1 Bf6 32.Nf2 Kh7 33.b5 Rg8 34.Ng4 Bxg4 35.fxg4 Qh1+ 
36.Kf2 Nxf1 37.Bxf1 Qh4+ 38.Kg1 Qxg4 39.d6 Nf7 40.Bc4 Qg3 41.Bxf7 Rg4 42.
Be1 Qe3+ 43.Qf2 Qxe4 44.Rc1 f3 45.g3 Qf4 46.Rc4 e4 47.c7 Bh4 48.c8=Q Bxg3 
49.Qg8+ 1-0

[Event "30th WCh U20 Girls"]
[Site "Athens GRE"]
[Date "2012.08.03"]
[Round "2"]
[White "Cemhan, Kardelen"]
[Black "Rodriguez Rueda, Paula Andrea"]
[Result "1/2-1/2"]
[WhiteElo "1938"]
[BlackElo "2196"]
[EventDate "2012.08.02"]
[PlyCount "94"]

1.e4 c5 2.Nf3 d6 3.d4 cxd4 4.Nxd4 Nf6 5.f3 a6 6.c4 Nc6 7.Nc3 e6 8.Be3 Be7 
9.Be2 O-O 10.Qd2 Bd7 11.O-O Rc8 12.b3 Qa5 13.Nxc6 Bxc6 14.Nd5 Qd8 15.Nxe7+
Qxe7 16.Rfd1 d5 17.e5 Nd7 18.f4 Rfd8 19.Qe1 Qf8 20.Qf2 f6 21.cxd5 Bxd5 22.
Rxd5 exd5 23.e6 Nc5 24.f5 Ne4 25.Qf4 Qe7 26.Bf3 Nc3 27.a4 d4 28.Bxd4 Qb4 
29.Be3 Qxb3 30.Qg3 Nb1 31.Qe1 Na3 32.e7 Re8 33.Rd1 Kh8 34.Bf2 Qf7 35.Rd7 
Nc2 36.Qe2 Nb4 37.Bxb7 Rc1+ 38.Be1 Nc6 39.Qe3 Rc4 40.Bxa6 Rg4 41.h3 Rg5 
42.Bb5 Rxe7 43.Bxc6 Rxd7 44.Bxd7 Qxd7 45.g4 Qxa4 46.Bh4 h6 47.Bxg5 hxg5 
1/2-1/2

[Event "30th WCh U20 Girls"]
[Site "Athens GRE"]
[Date "2012.08.03"]
[Round "2"]
[White "Galunova, Tsveta"]
[Black "Terzidaki, Alexandra"]
[Result "1-0"]
[WhiteElo "2091"]
[BlackElo "1958"]
[EventDate "2012.08.02"]
[PlyCount "67"]

1.e4 e6 2.d4 d5 3.exd5 exd5 4.Nf3 Bd6 5.c4 Nf6 6.Nc3 c6 7.Bd3 dxc4 8.Bxc4 
O-O 9.O-O Bg4 10.h3 Bh5 11.g4 Bg6 12.Ne5 Qb6 13.Be3 Nbd7 14.g5 Qxb2 15.Na4
Qb4 16.a3 Qa5 17.Nxg6 hxg6 18.gxf6 b5 19.fxg7 Rfd8 20.Bxf7+ Kxf7 21.Qf3+ 
Kxg7 22.Qxc6 Be7 23.Nc5 Nxc5 24.dxc5 Bf6 25.Rad1 Qxa3 26.Qxb5 Qa2 27.Qb7+ 
Kh8 28.c6 Qe6 29.c7 Rdc8 30.Qf3 Be5 31.Rfe1 Rf8 32.Qg2 Qf6 33.Bc5 Rfe8 34.
Rxe5 1-0

[Event "30th WCh U20 Girls"]
[Site "Athens GRE"]
[Date "2012.08.03"]
[Round "2"]
[White "Messam-Sparks, Lateefah"]
[Black "Ibrahimova, Sabina"]
[Result "1/2-1/2"]
[WhiteElo "1947"]
[BlackElo "2091"]
[EventDate "2012.08.02"]
[PlyCount "67"]

1.d4 Nf6 2.c4 g6 3.Nc3 Bg7 4.e4 d6 5.f4 O-O 6.Nf3 c5 7.d5 e6 8.Be2 exd5 9.
cxd5 Re8 10.e5 dxe5 11.fxe5 Ng4 12.Bg5 Qa5 13.O-O Nxe5 14.Nxe5 Bxe5 15.d6 
Qb6 16.Bc4 Be6 17.Bxe6 Rxe6 18.Qf3 f6 19.Nd5 Qxd6 20.Nxf6+ Bxf6 21.Bxf6 
Nd7 22.Bc3 Rf8 23.Qxb7 Qc6 24.Rxf8+ Kxf8 25.Rf1+ Kg8 26.Qxa7 Re8 27.Qa3 c4
28.Bd4 Qd5 29.Qc3 Re2 30.Rf2 Re4 31.Bh8 Re7 32.Bd4 Re4 33.Bh8 Re7 34.Bd4 
1/2-1/2

[Event "30th WCh U20 Girls"]
[Site "Athens GRE"]
[Date "2012.08.03"]
[Round "2"]
[White "Edes, Zsofia"]
[Black "Vatkali, Dimitra"]
[Result "1-0"]
[WhiteElo "2081"]
[BlackElo "1936"]
[EventDate "2012.08.02"]
[PlyCount "115"]

1.d4 Nf6 2.c4 e6 3.Nc3 Bb4 4.Qc2 O-O 5.a3 Bxc3+ 6.Qxc3 Qe8 7.f3 d6 8.Bg5 
Nbd7 9.e3 b6 10.Bd3 Bb7 11.Ne2 e5 12.e4 a5 13.b3 Kh8 14.O-O Qe6 15.Rae1 h6
16.d5 Qe8 17.Bc1 Nc5 18.Bc2 Bc8 19.Ng3 g5 20.f4 Nh7 21.fxe5 Qxe5 22.Qd2 f6
23.Bd1 Qe7 24.b4 axb4 25.axb4 Nb7 26.Bh5 Nd8 27.Bb2 Nf7 28.Bxf7 Rxf7 29.
Nh5 Bg4 30.Ng3 Raf8 31.h3 Bd7 32.Nh5 Kg8 33.Qd3 Qd8 34.Re2 Re8 35.e5 dxe5 
36.Qg6+ Kf8 37.Qxh6+ Kg8 38.Qg6+ Kf8 39.b5 Qe7 40.Ra1 Qc5+ 41.Kh2 Qxc4 42.
Ba3+ Ree7 43.Rf2 f5 44.Bxe7+ Kxe7 45.Ng7 Qd4 46.Raf1 f4 47.Rc2 e4 48.Qxh7 
Rxg7 49.Qh6 Kd8 50.Qh8+ Be8 51.Ra2 Qxd5 52.Qxg7 Qxa2 53.Qxg5+ Kc8 54.Qf5+ 
Bd7 55.Qxe4 Bxb5 56.Rxf4 Qa3 57.Rf8+ Kd7 58.Qe8+ 1-0

[Event "30th WCh U20 Girls"]
[Site "Athens GRE"]
[Date "2012.08.03"]
[Round "2"]
[White "Kalaydina, Regina Veronicka"]
[Black "Anusca, Madalina-Maria"]
[Result "1/2-1/2"]
[WhiteElo "1928"]
[BlackElo "2079"]
[EventDate "2012.08.02"]
[PlyCount "91"]

1.d4 d5 2.c4 dxc4 3.Nc3 a6 4.a4 Nc6 5.e3 Na5 6.Nf3 Nf6 7.Ne5 Be6 8.e4 c6 
9.Be3 g6 10.Be2 Bg7 11.O-O O-O 12.f4 Nd7 13.Nf3 Bg4 14.h3 Bxf3 15.Bxf3 e6 
16.Qe1 b5 17.axb5 axb5 18.e5 Qc7 19.Ne4 Nb7 20.Rb1 Ra6 21.Bd1 Na5 22.Bg4 
Rfa8 23.Ng5 Nf8 24.h4 Nb3 25.h5 Qd8 26.hxg6 hxg6 27.f5 exf5 28.Bxf5 gxf5 
29.Rxf5 Ra1 30.Kh2 Rxb1 31.Qxb1 Ne6 32.Qe4 Nxg5 33.Rxg5 Qf8 34.Rh5 Qd8 35.
e6 Qd6+ 36.Bf4 Qxe6 37.Qh7+ Kf8 38.Bh6 Qd6+ 39.g3 Bxh6 40.Qh8+ Ke7 41.Re5+
Kd7 42.Qxa8 Bf8 43.Re8 Qh6+ 44.Kg2 Qd2+ 45.Kh3 Qh6+ 46.Kg2 1/2-1/2

[Event "30th WCh U20 Girls"]
[Site "Athens GRE"]
[Date "2012.08.03"]
[Round "2"]
[White "Kolaric, Spela"]
[Black "Koutsogiannopoulou, Theodora"]
[Result "1-0"]
[WhiteElo "2071"]
[BlackElo "1897"]
[EventDate "2012.08.02"]
[PlyCount "75"]

1.d4 d5 2.c4 e6 3.Nf3 c5 4.cxd5 exd5 5.g3 Nc6 6.Bg2 Nf6 7.O-O Be6 8.b3 Qd7
9.Nc3 cxd4 10.Nxd4 Bh3 11.Bb2 Bxg2 12.Kxg2 Bc5 13.Na4 Be7 14.Rc1 Nxd4 15.
Bxd4 b6 16.Nc3 Rd8 17.Qd3 O-O 18.Rfd1 Rfe8 19.Bxf6 Bxf6 20.Nxd5 Qe6 21.Rc2
g6 22.Qf3 Bg7 23.Rd3 Qe5 24.Re3 Qd4 25.Rxe8+ Rxe8 26.Rc7 f5 27.Rxa7 Qb2 
28.Ne7+ Kh8 29.Ra8 Rf8 30.Rxf8+ Bxf8 31.Nd5 Qxa2 32.Nxb6 Qa3 33.Nd5 Qd6 
34.Qc3+ Bg7 35.Qc4 Qe6 36.b4 h5 37.b5 Be5 38.b6 1-0

[Event "30th WCh U20 Girls"]
[Site "Athens GRE"]
[Date "2012.08.03"]
[Round "2"]
[White "Manelidou, Maria"]
[Black "Moura, Danielle Sena"]
[Result "1-0"]
[WhiteElo "2056"]
[BlackElo "1876"]
[EventDate "2012.08.02"]
[PlyCount "81"]

1.e4 Nf6 2.e5 Nd5 3.c4 Nb6 4.d4 d6 5.exd6 exd6 6.Nc3 Nc6 7.Be2 Be7 8.Nf3 
Bg4 9.b3 Bf6 10.Be3 d5 11.c5 Nc8 12.h3 Bxf3 13.Bxf3 N8e7 14.b4 Nf5 15.Nxd5
Bxd4 16.Bxd4 Nfxd4 17.O-O O-O 18.Re1 a5 19.b5 Nxf3+ 20.Qxf3 Nd4 21.Qe4 Ne6
22.Qe5 Qe8 23.a4 c6 24.Nb6 Rd8 25.Rab1 h6 26.f4 Qe7 27.Rbc1 Qh4 28.Rc4 Qg3
29.f5 Qxe5 30.Rxe5 Nd4 31.Re7 cxb5 32.axb5 Nxb5 33.Rxb7 Rb8 34.Re7 Rfe8 
35.Rxe8+ Rxe8 36.c6 Nd6 37.Rd4 Nc8 38.Nd5 Kf8 39.Nc7 Ne7 40.Nxe8 Kxe8 41.
c7 1-0